| 000 | 00480 a2200157 4500 | ||
|---|---|---|---|
| 005 | 20250628124702.0 | ||
| 020 | _a0-13-237660-1 | ||
| 082 | _a658.1511 HOR | ||
| 111 | _aManagement Accounting: Second Canadian Edition, | ||
| 245 | _aManagement Accounting: Second Canadian Edition, | ||
| 250 | _a2nd Ed. | ||
| 260 |
_aScarborough, _bPrentice Hall Canada Inc, _c1996. |
||
| 300 |
_axxii, 809p,: ill.' figure _bGlossary & Index _c26cm |
||
| 700 | _aHORNGREN, C. T. | ||
| 942 |
_2ddc _cBKS |
||
| 999 |
_c6006 _d6006 |
||